000
00288nam a22001337a 4500
008
260427b ||||| |||| 00| 0 eng d
020
_a
9951410138
041
_a
Shqip
080
_a
821.18
100
_a
40
101
_a
roman
245
_a
Gnosis
_c
Zejnullah Rrahmani
942
_2
udc
_c
BK
999
_c
60997
_d
60997